Znajdź zagadkowe miasto po kolorach #1 - Statystyki

Ogólne statystyki
  • Ten quiz został rozwiązany 8 540 razy
  • Średni wynik to 17 z 200
Odpowiedzi na mapie
Odpowiedzi zakodowano w zielono-czerwonej skali na mapie do tego quizu, zgodnie z poniższymi procentami.
 
Statystyki odpowiedzi
Miasto % Poprawnych
Londyn
64%
Berlin
61%
Paryż
60%
Moskwa
55%
Madryt
38%
Rzym
33%
Nowy Jork
31%
Pekin
28%
Kijów
23%
Stambuł
22%
Tokio
21%
Waszyngton
20%
Barcelona
18%
Hamburg
16%
Kair
16%
Ankara
15%
Ateny
15%
Los Angeles
15%
Manchester
14%
Mediolan
12%
Frankfurt
11%
Kolonia / Dusseldorf
11%
Meksyk
11%
Nowe Delhi
11%
Teheran
10%
Birmingham
9%
Brasília
9%
Buenos Aires
9%
Chicago
9%
Rio de Janeiro
9%
Sankt Petersburg
9%
Sydney
9%
Szanghaj
9%
Kapsztad
8%
Lagos
8%
Rijad
8%
Rotterdam
8%
São Paulo
8%
Seul
8%
Bagdad
7%
Bogota
7%
Boston
7%
Damaszek
7%
Dubaj
7%
Dżakarta
7%
Hongkong
7%
Johannesburg
7%
Kinszasa
7%
Lima
7%
Miami
7%
Mumbaj
7%
San Francisco
7%
Toronto
7%
Abidżan
6%
Abudża
6%
Addis Abeba
6%
Ahmedabad
6%
Akra
6%
Aleksandria
6%
Algier
6%
Amman
6%
Atlanta
6%
Bamako
6%
Bandung
6%
Bangalore
6%
Bangkok
6%
Belo Horizonte
6%
Bhilai
6%
Brisbane
6%
Busan
6%
Cali
6%
Campinas
6%
Caracas
6%
Casablanca
6%
Cebu
6%
Ćennaj
6%
Changchun
6%
Changsha
6%
Changzhou
6%
Chartum
6%
Chengdu
6%
Chongqing
6%
Cincinnati
6%
Cleveland
6%
Colombo
6%
Ćottogram
6%
Curitiba
6%
Daegu
6%
Dakar
6%
Dalian
6%
Dallas
6%
Dar es Salaam
6%
Denver
6%
Detroit
6%
Dhaka
6%
Douala
6%
Durban
6%
Faisalabad
6%
Filadelfia
6%
Fortaleza
6%
Fukuoka
6%
Fuzhou
6%
Guadalajara
6%
Guayaquil
6%
Guiyang
6%
Gujranwala
6%
Gwatemala
6%
Hangzhou
6%
Hanoi
6%
Harbin
6%
Hefei
6%
Houston
6%
Huizhou
6%
Hyderabad
6%
Ibadan
6%
Indore
6%
Isfahan
6%
Izmir
6%
Jaipur
6%
Jaunde
6%
Jeddah
6%
Jinan
6%
Kabul
6%
Kampala
6%
Kano
6%
Kanpur
6%
Kanton
6%
Kaohsiung
6%
Karachi
6%
Katmandu
6%
Kolkata
6%
Kuala Lumpur
6%
Kumasi
6%
Kunming
6%
Kuwejt
6%
Lahore
6%
Lanzhou
6%
Luanda
6%
Lucknow
6%
Manila
6%
Maputo
6%
Mashhad
6%
Medan
6%
Medellín
6%
Melbourne
6%
Minneapolis
6%
Monterrey
6%
Montreal
6%
Nagoya
6%
Nagpur
6%
Nairobi
6%
Nanchang
6%
Nanjing
6%
Nanning
6%
Ningbo
6%
Orlando
6%
Osaka
6%
Phoenix
6%
Pjongjang
6%
Port-au-Prince
6%
Porto Alegre
6%
Puebla
6%
Pune
6%
Qingdao
6%
Quito
6%
Rawalpindi
6%
Recife
6%
Sajgon
6%
Salvador
6%
Sana
6%
San Diego
6%
Santiago
6%
Santo Domingo
6%
Seattle
6%
Shantou
6%
Shenyang
6%
Shijiazhuang
6%
Singapur
6%
Surabaya
6%
Surat
6%
Taiyuan
6%
Tajpej
6%
Tampa
6%
Tangshan
6%
Taszkent
6%
Tel Awiw
6%
Tiencin
6%
Ürümqi
6%
Vancouver
6%
Wenzhou
6%
Wuhan
6%
Wuxi
6%
Xiamen
6%
Xi'an
6%
Xuzhou
6%
Yangon
6%
Zagłębie Ruhry
6%
Zhengzhou
6%
Zibo
6%
Neapol
5%
Nie znaleziono quizów pasujących do podanych kryteriów
Rozkład punktacji
Procent ludzi z każdym wynikiem
Percentyl według liczby udzielonych odpowiedzi
Twoja historia wyników
Nie rozwiązałeś tego quizu